| 000 | 00705nam a2200157 4500 | ||
|---|---|---|---|
| 999 |
_c16357 _d16357 |
||
| 008 | 220117b ||||| |||| 00| 0 eng d | ||
| 022 | _a0893-8989 | ||
| 082 | _aDPer 363.205 P75 Sept 2013-May 2016 v. 37 & 40, n. 9-11/1-5 | ||
| 100 |
_aGriffith, David. _943801 |
||
| 245 |
_aForce multiplier: _belectronic citation systems maximize officer efficiency, making roads safer and taking wanted suspects off the streets/ _cDavid Griffith. |
||
| 260 |
_aCalifornia: _bBobit Business Media, _c©Sept 2013-May 2016. |
||
| 300 |
_av37 n9, pages 26-29; _billustrations; _c27 cm. |
||
| 500 | _aPolice: the law enforcement magazine. | ||
| 650 |
_aTechnological innovations _xLaw enforcement. _943802 |
||
| 942 |
_2ddc _cPER |
||